Detalles MARC
| 000 -CABECERA |
| campo de control de longitud fija |
01675nam a22003017a 4500 |
| 003 - IDENTIFICADOR DEL NÚMERO DE CONTROL |
| campo de control |
OSt |
| 005 - FECHA Y HORA DE LA ÚLTIMA TRANSACCIÓN |
| campo de control |
20210114092558.0 |
| 007 - CAMPO FIJO DE DESCRIPCIÓN FÍSICA--INFORMACIÓN GENERAL |
| campo de control de longitud fija |
ta |
| 008 - DATOS DE LONGITUD FIJA--INFORMACIÓN GENERAL |
| campo de control de longitud fija |
210114e2008 dr ||||| |||| 001 0desp d |
| 040 ## - FUENTE DE LA CATALOGACIÓN |
| Centro catalogador/agencia de origen |
DO-SdBNP |
| Lengua de catalogación |
spa |
| Centro/agencia transcriptor |
BNPHU |
| 041 ## - CÓDIGO DE LENGUA |
| Código de lengua original |
spa |
| 082 ## - NÚMERO DE LA CLASIFICACIÓN DECIMAL DEWEY |
| Número de clasificación |
BNPHU- xxxx |
| Número de documento/Ítem |
M394h |
| 100 ## - ENTRADA PRINCIPAL--NOMBRE DE PERSONA |
| Nombre de persona |
Masalles , Victor, |
| Fechas asociadas al nombre |
1961. |
| 9 (RLIN) |
77685 |
| 245 10 - MENCIÓN DE TÍTULO |
| Título |
Hacia una espiritualidad de encarnación e inserción : |
| Resto del título |
implicaciones para el presbiterado en América Latina / |
| Mención de responsabilidad, etc. |
Víctor Masalles. |
| 260 ## - PUBLICACIÓN, DISTRIBUCIÓN, ETC. |
| Lugar de publicación, distribución, etc. |
Santo Domingo : |
| Nombre del editor, distribuidor, etc. |
AA |
| Fecha de publicación, distribución, etc. |
2008 |
| 300 ## - DESCRIPCIÓN FÍSICA |
| Extensión |
128 pg. |
| Dimensiones |
21 cm |
| 500 ## - NOTA GENERAL |
| Nota general |
Incluye datos biográficos del autor en parte posterior de la tapa. |
| 500 ## - NOTA GENERAL |
| Nota general |
Incluye siglas de téminos |
| 504 ## - NOTA DE BIBLIOGRAFÍA, ETC. |
| Nota de bibliografía, etc. |
Incluye bibliografía, pg. 121-126 |
| 505 1# - NOTA DE CONTENIDO CON FORMATO |
| Nota de contenido con formato |
Introducción. |
| 505 1# - NOTA DE CONTENIDO CON FORMATO |
| Nota de contenido con formato |
1. Una visión de fe en los documentos del magisterio latiinoamericano. |
| Título |
1.1. una iglesia regional en camino a la madurez.<br/>1.2. una iglesia madura que analiza y se pronuncia.<br/>1.3. desafíos pastorales que se desprenden de los documentos del CELAM. |
| 505 1# - NOTA DE CONTENIDO CON FORMATO |
| Nota de contenido con formato |
2. Modelo de vida cristiana que se desprende de los documentos del magisterio de A.I. |
| Título |
2.1. Jesús de Nazaret: clave última de interpretación.<br/>2.2. La iglesia : prolongación de la misión de Jesús.<br/>2.3. Modelo de vida cristiana que se desprende de los documentos del magisterio de A.I. |
| 505 1# - NOTA DE CONTENIDO CON FORMATO |
| Nota de contenido con formato |
3. Rasgos e implicaciones para una espiritualidad presbiteral en América Latino. |
| Título |
3.1. El presbítero en la misión de la iglesia en A.I.<br/>3.2. Triple función del Sacerdote.<br/>3.3. Hacia un concepto de santidad presbiteral en A.I. |
| 505 1# - NOTA DE CONTENIDO CON FORMATO |
| Nota de contenido con formato |
Conclusión.<br/><br/> |
| 505 1# - NOTA DE CONTENIDO CON FORMATO |
| Nota de contenido con formato |
Bibliografía. |
| 505 1# - NOTA DE CONTENIDO CON FORMATO |
| Nota de contenido con formato |
Siglas. |
| 942 ## - ELEMENTOS DE PUNTO DE ACCESO ADICIONAL (KOHA) |
| Fuente del sistema de clasificación o colocación |
Dewey Decimal Classification |
| Tipo de ítem Koha |
Libro |